| 000 | 00588nam a2200181 a 4500 | ||
|---|---|---|---|
| 001 | 000032125 | ||
| 005 | 20200930063442.0 | ||
| 008 | 110712s1967 dr 000 | spa d | ||
| 040 |
_aDO-SdBNP _bspa _cBNPHU |
||
| 082 |
_axxx _bT649L |
||
| 100 | 1 |
_aTolentino, Hugo _953875 |
|
| 245 | 1 | 3 |
_aEl logro de una educación integral y el plan de estudios del Colegio Universitario / _cHugo Tolentino. |
| 260 |
_aSanto Domingo : _bUniversidad Autónoma de Santo Domingo, _c1967. |
||
| 300 |
_a12 p. ; _c21 cm. |
||
| 490 | 1 |
_aConferencias _v12 |
|
| 830 | 0 |
_aConferencias; _n12 _958240 |
|
| 049 | _aBNPD | ||
| 999 |
_c31616 _d31616 |
||